000
00285nam a2200121Ia 4500
008
190216s9999||||xx |||||||||||||| ||und||
100
_a
Anstey Vera
245
3
_a
An Introduction To Economics
260
_b
English Uty Press
_c
1964
300
_a
224p
650
_a
Economics
942
_c
BK
999
_c
9120
_d
9120